000
00295nam a2200121Ia 4500
005
20251222154334.0
008
251222s9999||||xx |||||||||||||| ||spa||
020
_a
958-42-0382-7
082
_a
869.26/A59
100
_a
"Andahazi, Federico"
245
0
_a
El secreto de los flamencos
942
_c
LIB
999
_c
34267
_d
34267